00654 a2200193 4500003000400000005001700004008004100021020001800062040000900080082001900089100002200108245005400130250001200184260005600196300001300252942004400265952013400309999001700443OSt20260309132940.0260309b |||||||| |||| 00| 0 eng d a9788196325732 coclc a892.709bJAL/A aJaleel, T K98575 aAl Tha-ayush / cJaleel T K, Dr. Muhammed Riyas K a1ST ED. aMALAPPURAM:bVICTORY BOOKS AND PUBLICATIONS.c2025, a79 PAGES 2ddccBKh892.709iJAL/Ak892.709mJAL/A 00102ddc40708TEXT BOOKaMESbMEScARBd2026-03-09g80.00l0o892.709 JAL/Ap46167r2026-03-09 11:59:42v80.00w2026-03-09yBK c44694d44694